[Event "ITA-ch U20 26th"]
[Site "Bratto"]
[Date "2003.08.27"]
[Round "7"]
[White "Forato, Enrico"]
[Black "Akmedov, Alisher"]
[Result "1-0"]
[WhiteElo "1600"]
[BlackElo "1434"]
[PlyCount "106"]
[EventDate "2003.08.21"]
[EventType "swiss"]
[EventRounds "9"]
[EventCountry "ITA"]
[SourceTitle "EXT 2007"]
[Source "ChessBase"]
[SourceDate "2006.11.23"]
[SourceVersion "1"]
[SourceVersionDate "2006.11.23"]
[SourceQuality "1"]

1. e4 c5 2. Nf3 e6 3. d4 cxd4 4. Nxd4 Nf6 5. Nc3 d6 6. Be3 a6 7. Bd3 Be7 8. 0-0 0-0 9. f4 Nbd7 10. g4 Nc5 11. g5 Nfd7 12. Qh5 Re8 13. Rf3 b5 14. Rh3 Nf8 15. Rg3 b4 16. Nc6 Qc7 17. Nxe7+ Qxe7 18. Ne2 Nxd3 19. cxd3 Bd7 20. Rc1 Rac8 21. Rg2 Rxc1+ 22. Nxc1 Rc8 23. Qd1 Qd8 24. Rc2 Rxc2 25. Qxc2 Qc8 26. Qxc8 Bxc8 27. Bb6 Ng6 28. Ne2 Ne7 29. Bc7 d5 30. e5 Bd7 31. Nd4 Kf8 32. Bd6 Ke8 33. Bxb4 Nc6 34. Nxc6 Bxc6 35. Kf2 Kd7 36. Ke3 Kc7 37. Ba5+ Kd7 38. Kd4 Bb5 39. b3 Bc6 40. a4 g6 41. h4 Ba8 42. Kc5 Bb7 43. d4 Ke7 44. Kb6 Bc8 45. Bb4+ Kd7 46. Bd6 Kd8 47. b4 Kd7 48. b5 axb5 49. axb5 Kd8 50. Be7+ Kd7 51. Bf6 Ke8 52. Kc7 Bb7 53. Kxb7 Kd7 1-0

[Event "ITA-ch U20 26th"]
[Site "Bratto"]
[Date "2003.08.26"]
[Round "6"]
[White "Akmedov, Alisher"]
[Black "Trazzi, Enrico"]
[Result "1/2-1/2"]
[WhiteElo "1434"]
[BlackElo "1600"]
[PlyCount "96"]
[EventDate "2003.08.21"]
[EventType "swiss"]
[EventRounds "9"]
[EventCountry "ITA"]
[SourceTitle "EXT 2007"]
[Source "ChessBase"]
[SourceDate "2006.11.23"]
[SourceVersion "1"]
[SourceVersionDate "2006.11.23"]
[SourceQuality "1"]

1. e4 g6 2. d4 Bg7 3. Nc3 c6 4. Nf3 d5 5. h3 e6 6. Be3 Ne7 7. Bd3 Nd7 8. Qd2 h5 9. 0-0 0-0 10. Bh6 dxe4 11. Bxg7 Kxg7 12. Nxe4 Nd5 13. c4 N5f6 14. Nfg5 Nxe4 15. Nxe4 Nf6 16. Qc3 b6 17. b4 Bb7 18. Rac1 Rc8 19. Nxf6 Qxf6 20. Rfd1 Kg8 21. Be4 Rfd8 22. Rd3 Qf4 23. Re1 Qc7 24. Rg3 Kh7 25. Rg5 f5 26. Bc2 Qf4 27. Qg3 Qxg3 28. Rxg3 Rxd4 29. Rxe6 Rg8 30. Re7+ Rg7 31. Rxg7+ Kxg7 32. Bxf5 Kf6 33. Bxg6 h4 34. Rd3 Rxc4 35. Be8 Ke7 36. Rd7+ Kxe8 37. Rxb7 Rxb4 38. Rxa7 Rb1+ 39. Kh2 Rb2 40. f4 c5 41. Ra4 b5 42. Re4+ Kf7 43. a4 Rb4 44. Re5 Rxa4 45. Rxc5 Rxf4 46. Rxb5 Kg6 47. Rb3 Kh5 48. Rf3 Rb4 1/2-1/2

[Event "ITA-ch U20 26th"]
[Site "Bratto"]
[Date "2003.08.25"]
[Round "5"]
[White "Akmedov, Alisher"]
[Black "Procacci, Sergio"]
[Result "1/2-1/2"]
[WhiteElo "1434"]
[BlackElo "1551"]
[PlyCount "90"]
[EventDate "2003.08.21"]
[EventType "swiss"]
[EventRounds "9"]
[EventCountry "ITA"]
[SourceTitle "EXT 2007"]
[Source "ChessBase"]
[SourceDate "2006.11.23"]
[SourceVersion "1"]
[SourceVersionDate "2006.11.23"]
[SourceQuality "1"]

1. d4 Nf6 2. c4 d6 3. Nc3 g6 4. e4 Bg7 5. Nf3 0-0 6. Be2 c5 7. d5 Bg4 8. h3 Bxf3 9. Bxf3 Nbd7 10. 0-0 Ne8 11. Be3 Nc7 12. Qd2 Re8 13. Be2 a6 14. a4 Nf8 15. Rfd1 Qd7 16. Ra3 Rad8 17. Rb3 Na8 18. a5 Rb8 19. Bg4 Qc7 20. Na4 b5 21. axb6 Nxb6 22. Qa5 Na8 23. Qxc7 Nxc7 24. Rdd3 h5 25. Be2 Nd7 26. f4 Na8 27. Kf2 Nab6 28. Nxb6 Rxb6 29. Rxb6 Nxb6 30. Rb3 Rb8 31. Bd2 Nd7 32. Rxb8+ Nxb8 33. g4 Bxb2 34. gxh5 gxh5 35. Bxh5 Nd7 36. Ba5 Bc1 37. f5 Ne5 38. Be2 Kf8 39. Bc3 f6 40. Bxe5 fxe5 41. Kg2 Bf4 42. h4 Ke8 43. Kh3 Kf7 44. Kg4 Kg7 45. Bd1 Bd2 1/2-1/2